[Event "Voronezh School op"]
[Site "Voronezh"]
[Date "2015.05.23"]
[Round "5"]
[White "Pilchuk, Mikhail"]
[Black "Polyansky, Viktor"]
[Result "0-1"]
[WhiteElo "1818"]
[BlackElo "1931"]
[PlyCount "56"]
[EventDate "2015.05.19"]
[EventType "swiss"]
[EventRounds "9"]
[EventCountry "RUS"]
[SourceTitle "EXT 2016"]
[Source "ChessBase"]
[SourceDate "2015.10.08"]
[SourceVersion "1"]
[SourceVersionDate "2015.10.08"]
[SourceQuality "1"]

1. e4 c5 2. Nf3 Nc6 3. Nc3 e5 4. Bb5 d6 5. h3 Nf6 6. d3 Bd7 7. Bc4 Be7 8. a3 Nd4 9. Nxd4 cxd4 10. Nd5 Nxd5 11. Bxd5 Qc7 12. Bd2 Rc8 13. Rc1 0-0 14. 0-0 Ba4 15. b3 Bc6 16. Bxc6 Qxc6 17. f4 f5 18. exf5 Rxf5 19. g4 Rxf4 20. Bxf4 exf4 21. Rxf4 Bg5 22. Re4 d5 23. Re5 Be3+ 24. Rxe3 dxe3 25. Qf3 Qc5 26. b4 Qd4 27. c3 Rxc3 28. Rxc3 e2+ 0-1

[Event "Voronezh School op"]
[Site "Voronezh"]
[Date "2015.05.22"]
[Round "4"]
[White "Pilchuk, Mikhail"]
[Black "Lazarev, Alexandr"]
[Result "1/2-1/2"]
[WhiteElo "1818"]
[BlackElo "1849"]
[PlyCount "27"]
[EventDate "2015.05.19"]
[EventType "swiss"]
[EventRounds "9"]
[EventCountry "RUS"]
[SourceTitle "EXT 2016"]
[Source "ChessBase"]
[SourceDate "2015.10.08"]
[SourceVersion "1"]
[SourceVersionDate "2015.10.08"]
[SourceQuality "1"]

1. e4 c5 2. Nf3 d6 3. d4 cxd4 4. Nxd4 Nf6 5. Nc3 a6 6. f3 e6 7. Be3 Qc7 8. Qd2 Bd7 9. 0-0-0 Nc6 10. g4 h6 11. h4 b5 12. Bg2 b4 13. Nb1 Rc8 14. g5 1/2-1/2

[Event "Voronezh School op"]
[Site "Voronezh"]
[Date "2015.05.19"]
[Round "1"]
[White "Moiseenko, Andrey"]
[Black "Pilchuk, Mikhail"]
[Result "1-0"]
[WhiteElo "1995"]
[BlackElo "1818"]
[PlyCount "89"]
[EventDate "2015.05.19"]
[EventType "swiss"]
[EventRounds "9"]
[EventCountry "RUS"]
[SourceTitle "EXT 2016"]
[Source "ChessBase"]
[SourceDate "2015.10.08"]
[SourceVersion "1"]
[SourceVersionDate "2015.10.08"]
[SourceQuality "1"]

1. d4 d5 2. c4 c6 3. Nf3 Nf6 4. e3 Nbd7 5. b3 e6 6. Bb2 Bb4+ 7. Nbd2 0-0 8. a3 Ba5 9. Bd3 Re8 10. 0-0 Bc7 11. Ne5 Nxe5 12. dxe5 Nd7 13. f4 Bb6 14. Rf3 g6 15. Kh1 Nc5 16. Bc2 a5 17. Qe2 Qe7 18. Rh3 Bd8 19. Rd1 Rb8 20. e4 dxe4 21. b4 axb4 22. axb4 Nd3 23. Bxd3 exd3 24. Qxd3 Qf8 25. Ne4 Be7 26. c5 Rd8 27. Nd6 b6 28. Bd4 bxc5 29. Bxc5 Ra8 30. Qf3 Bxd6 31. Bxd6 Qe8 32. Rc1 Bd7 33. Qg3 f6 34. exf6 Qf7 35. Be7 e5 36. fxe5 Bxh3 37. Bxd8 Bxg2+ 38. Qxg2 Rxd8 39. Qxc6 Re8 40. Re1 Kf8 41. b5 Re6 42. Qc5+ Kg8 43. Qd5 Rxf6 44. Qd8+ Qf8 45. Qxf6 1-0

[Event "Voronezh Rating op 01"]
[Site "Voronezh"]
[Date "2014.01.10"]
[Round "1"]
[White "Stepanischev, Gregory"]
[Black "Pilchuk, Mikhail"]
[Result "1-0"]
[WhiteElo "1943"]
[BlackElo "1823"]
[PlyCount "103"]
[EventDate "2014.01.10"]
[EventType "swiss"]
[EventRounds "9"]
[EventCountry "RUS"]
[SourceTitle "EXT 2015"]
[Source "ChessBase"]
[SourceDate "2014.11.20"]
[SourceVersion "1"]
[SourceVersionDate "2014.11.20"]
[SourceQuality "1"]

1. d4 Nf6 2. Nf3 g6 3. e3 Bg7 4. b3 c5 5. Bb2 cxd4 6. exd4 0-0 7. Bd3 Nd5 8. 0-0 Nf4 9. c4 Nxd3 10. Qxd3 d6 11. Nbd2 Bf5 12. Qe3 Re8 13. Rfe1 Nc6 14. a3 Rc8 15. Nh4 Bd7 16. Nhf3 e6 17. Rad1 Ne7 18. Nf1 b5 19. N3d2 Nf5 20. Qd3 Qb6 21. Ne3 Bxd4 22. Nxf5 Bxf2+ 23. Kh1 exf5 24. Rxe8+ Rxe8 25. Qc3 Kf8 26. Qg7+ Ke7 27. Qf6+ Kf8 28. Nf3 d5 29. Qg7+ Ke7 30. Rxd5 Kd8 31. Qxf7 Qe6 32. Qxe6 Rxe6 33. Ne5 bxc4 34. Rxd7+ Kc8 35. Rd2 Bc5 36. Rc2 Bxa3 37. Rxc4+ Kb7 38. Bxa3 Rxe5 39. h3 Re3 40. Rb4+ Kc6 41. Bb2 a5 42. Rb8 Kc7 43. Rb5 Kc6 44. Rxa5 Rxb3 45. Bf6 Rb7 46. Re5 Kd6 47. Re1 Rf7 48. Bg5 f4 49. Kh2 Kd5 50. h4 f3 51. gxf3 Rxf3 52. Re7 1-0

[Event "Zagorovsky Memorial op"]
[Site "Voronezh"]
[Date "2013.07.04"]
[Round "9"]
[White "Lazarev, Alexander"]
[Black "Pilchuk, Mikhail"]
[Result "1-0"]
[WhiteElo "1925"]
[BlackElo "1829"]
[PlyCount "99"]
[EventDate "2013.06.25"]
[EventType "swiss"]
[EventRounds "9"]
[EventCountry "RUS"]
[SourceTitle "EXT 2014"]
[Source "ChessBase"]
[SourceDate "2013.11.20"]
[SourceVersion "1"]
[SourceVersionDate "2013.11.20"]
[SourceQuality "1"]

1. e4 e5 2. Nf3 Nc6 3. Bb5 a6 4. Bxc6 dxc6 5. 0-0 Bg4 6. h3 h5 7. d3 Qf6 8. Re1 Bxf3 9. Qxf3 Qxf3 10. gxf3 0-0-0 11. f4 Bd6 12. fxe5 Bxe5 13. f4 Bd4+ 14. Kg2 f6 15. Nd2 Ne7 16. Nf3 Rhg8 17. Nxd4 Rxd4 18. Be3 Rd7 19. Kf3 g5 20. fxg5 fxg5 21. Rg1 g4+ 22. hxg4 hxg4+ 23. Rxg4 Rdd8 24. Rxg8 Rxg8 25. Rg1 Rf8+ 26. Ke2 b6 27. Rg7 Re8 28. Bg5 Ng8 29. Ke3 c5 30. c3 Kb7 31. d4 Rc8 32. e5 Kc6 33. Ke4 cxd4 34. cxd4 Kb5 35. d5 Kc5 36. Be3+ Kc4 37. Bg5 Kc5 38. e6 b5 39. Ke5 Kc4 40. e7 Nxe7 41. Rxe7 a5 42. Ke6 Kd3 43. Rd7 Kc2 44. Bf6 b4 45. a3 Kb3 46. Be7 c5 47. d6 c4 48. axb4 axb4 49. Rb7 Kc2 50. d7 1-0

[Event "Zagorovsky Memorial op"]
[Site "Voronezh"]
[Date "2013.06.27"]
[Round "3"]
[White "Pilchuk, Mikhail"]
[Black "Smirnov, Vyacheslav"]
[Result "1-0"]
[WhiteElo "1829"]
[BlackElo "1582"]
[PlyCount "95"]
[EventDate "2013.06.25"]
[EventType "swiss"]
[EventRounds "9"]
[EventCountry "RUS"]
[SourceTitle "EXT 2014"]
[Source "ChessBase"]
[SourceDate "2013.11.20"]
[SourceVersion "1"]
[SourceVersionDate "2013.11.20"]
[SourceQuality "1"]

1. e4 c6 2. d4 d5 3. exd5 cxd5 4. c4 e6 5. a3 Nf6 6. Nc3 a6 7. Be3 Nc6 8. Nf3 Be7 9. c5 Ng4 10. Bf4 f5 11. Bd3 Nf6 12. 0-0 0-0 13. Re1 Ne4 14. Na4 g5 15. Nb6 Ra7 16. Be3 Bf6 17. Nxc8 Qxc8 18. Bxe4 dxe4 19. Nxg5 Qd7 20. Qh5 Bxg5 21. Bxg5 Qf7 22. Qxf7+ Kxf7 23. Rad1 Kg6 24. Bf4 Rd8 25. Bd6 Raa8 26. f3 e3 27. Rxe3 Kf7 28. b4 Re8 29. Kf2 h5 30. Ke2 Rad8 31. Red3 b5 32. Kf2 Rg8 33. d5 exd5 34. Rxd5 Kf6 35. R5d3 Kf7 36. Bg3 Rxd3 37. Rxd3 Rd8 38. Rxd8 Nxd8 39. Bc7 Nc6 40. Ke3 Kf6 41. Kf4 Kg6 42. Be5 Ne7 43. Bb2 Nc6 44. Bc3 h4 45. h3 Ne7 46. Ke5 Kf7 47. Kd6 Ke8 48. Bf6 1-0

[Event "Voronezh op-B 17th"]
[Site "Voronezh"]
[Date "2013.06.15"]
[Round "4"]
[White "Shevshenko, Alexey"]
[Black "Pilchuk, Mikhail"]
[Result "1-0"]
[WhiteElo "2214"]
[BlackElo "1829"]
[PlyCount "55"]
[EventDate "2013.06.12"]
[EventType "swiss"]
[EventRounds "9"]
[EventCountry "RUS"]
[SourceTitle "EXT 2014"]
[Source "ChessBase"]
[SourceDate "2013.11.20"]
[SourceVersion "1"]
[SourceVersionDate "2013.11.20"]
[SourceQuality "1"]

1. d4 d5 2. c4 c6 3. Nc3 e6 4. e3 Nf6 5. Nf3 Be7 6. Qc2 0-0 7. b3 Bb4 8. a3 Ba5 9. Bd3 Nbd7 10. 0-0 Bc7 11. e4 dxe4 12. Nxe4 Nxe4 13. Bxe4 h6 14. Bb2 Nf6 15. Bd3 Re8 16. Ne5 Nd7 17. Rad1 Nxe5 18. dxe5 Qe7 19. Qe2 Bd7 20. Qe4 g6 21. Bc2 Rad8 22. Rd3 Qf8 23. h4 Qg7 24. Rg3 Bc8 25. f4 Rd2 26. Rc1 Bd8 27. Bc3 Bxh4 28. Rh3 1-0

[Event "Voronezh op-B 17th"]
[Site "Voronezh"]
[Date "2013.06.14"]
[Round "3"]
[White "Pilchuk, Mikhail"]
[Black "Kornilov, Peter"]
[Result "0-1"]
[WhiteElo "1829"]
[BlackElo "2029"]
[PlyCount "48"]
[EventDate "2013.06.12"]
[EventType "swiss"]
[EventRounds "9"]
[EventCountry "RUS"]
[SourceTitle "EXT 2014"]
[Source "ChessBase"]
[SourceDate "2013.11.20"]
[SourceVersion "1"]
[SourceVersionDate "2013.11.20"]
[SourceQuality "1"]

1. e4 c5 2. Nf3 e6 3. c3 Nc6 4. a3 Nf6 5. Qc2 d5 6. d3 e5 7. Bg5 Be7 8. Be2 h6 9. Bh4 0-0 10. 0-0 Be6 11. exd5 Nxd5 12. Bxe7 Qxe7 13. Nbd2 Nf4 14. Ne4 f5 15. Ng3 Rad8 16. b4 cxb4 17. axb4 a6 18. Rad1 Qf7 19. Qb2 Bd5 20. Rfe1 e4 21. dxe4 fxe4 22. Nh4 Nh3+ 23. gxh3 Qxf2+ 24. Kh1 e3+ 0-1

[Event "Voronezh Spring"]
[Site "Voronezh"]
[Date "2013.05.11"]
[Round "?"]
[White "Soboleva, Anastasia"]
[Black "Pilchuk, Mikhail"]
[Result "1/2-1/2"]
[WhiteElo "1960"]
[BlackElo "1864"]
[PlyCount "86"]
[EventDate "2013.05.07"]
[EventType "tourn"]
[EventRounds "11"]
[EventCountry "RUS"]
[SourceTitle "EXT 2014"]
[Source "ChessBase"]
[SourceDate "2013.11.20"]
[SourceVersion "1"]
[SourceVersionDate "2013.11.20"]
[SourceQuality "1"]

1. e4 e5 2. f4 d5 3. exd5 e4 4. d3 Nf6 5. dxe4 Nxe4 6. Nf3 Bc5 7. Qe2 0-0 8. Qxe4 Re8 9. Ne5 f6 10. Bd3 g6 11. Nc3 Nd7 12. Qf3 fxe5 13. Ne4 exf4 14. Bxf4 Ne5 15. Bxe5 Rxe5 16. 0-0-0 Be7 17. Rhf1 Rf5 18. Qe2 Rxf1 19. Rxf1 Bf5 20. g4 Bxe4 21. Qxe4 Bg5+ 22. Kb1 Qe7 23. Qe6+ Qxe6 24. dxe6 Rf8 25. b4 Rxf1+ 26. Bxf1 Bd2 27. a3 Kg7 28. Kb2 c6 29. Bc4 Kf6 30. c3 h5 31. gxh5 gxh5 32. a4 h4 33. h3 Ke7 34. Kc2 Bg5 35. Kd3 Kd6 36. Ke4 Bf6 37. Kd3 Ke7 38. b5 cxb5 39. axb5 Kd6 40. Kc2 a6 41. bxa6 bxa6 42. Bxa6 Bxc3 43. Kxc3 Kxe6 1/2-1/2

[Event "Voronezh Spring"]
[Site "Voronezh"]
[Date "2013.05.07"]
[Round "?"]
[White "Artemov, Nikita"]
[Black "Pilchuk, Mikhail"]
[Result "1-0"]
[WhiteElo "1999"]
[BlackElo "1864"]
[PlyCount "49"]
[EventDate "2013.05.07"]
[EventType "tourn"]
[EventRounds "11"]
[EventCountry "RUS"]
[SourceTitle "EXT 2014"]
[Source "ChessBase"]
[SourceDate "2013.11.20"]
[SourceVersion "1"]
[SourceVersionDate "2013.11.20"]
[SourceQuality "1"]

1. e4 e5 2. Nf3 Nc6 3. Bb5 a6 4. Ba4 Nf6 5. d4 Nxe4 6. Qe2 b5 7. Nxe5 Nxe5 8. Qxe4 bxa4 9. Qxa8 Nc6 10. 0-0 Be7 11. d5 Nb4 12. d6 Bxd6 13. Re1+ Be7 14. Qe4 Nc6 15. Nc3 0-0 16. Nd5 Bd6 17. Bf4 Bxf4 18. Qxf4 d6 19. Qxa4 Bb7 20. Re3 Ne5 21. Qb3 Ba8 22. Rae1 Qg5 23. c4 Nxc4 24. Re8 g6 25. Rxf8+ 1-0

[Event "Voronezh Winter op"]
[Site "Voronezh"]
[Date "2013.01.26"]
[Round "7"]
[White "Pilchuk, Mikhail"]
[Black "Koshelev, Vladimir"]
[Result "0-1"]
[WhiteElo "1917"]
[BlackElo "1943"]
[PlyCount "62"]
[EventDate "2013.01.15"]
[EventType "swiss"]
[EventRounds "9"]
[EventCountry "RUS"]
[SourceTitle "EXT 2014"]
[Source "ChessBase"]
[SourceDate "2013.11.20"]
[SourceVersion "1"]
[SourceVersionDate "2013.11.20"]
[SourceQuality "1"]

1. e4 d6 2. d4 Nf6 3. Nc3 c6 4. f3 Nbd7 5. Be3 b5 6. Qd2 Qa5 7. g4 h6 8. h4 Nb6 9. Rh2 b4 10. Nd1 Nfd7 11. g5 h5 12. b3 c5 13. Nb2 Ba6 14. Bxa6 Qxa6 15. g6 f6 16. Nd3 Rc8 17. Ne2 e5 18. d5 f5 19. exf5 Nf6 20. c4 bxc3 21. Nxc3 Be7 22. Nf2 c4 23. b4 Qa3 24. Rb1 Nbxd5 25. Nxd5 Nxd5 26. Bg5 Qc3 27. Bxe7 Qxd2+ 28. Kxd2 Kxe7 29. Ne4 c3+ 30. Kc2 Ne3+ 31. Kc1 Nxf5 0-1

[Event "Voronezh Winter op"]
[Site "Voronezh"]
[Date "2013.01.19"]
[Round "3"]
[White "Pilchuk, Mikhail"]
[Black "Moiseenko, Andrey"]
[Result "1/2-1/2"]
[WhiteElo "1917"]
[BlackElo "1704"]
[PlyCount "75"]
[EventDate "2013.01.15"]
[EventType "swiss"]
[EventRounds "9"]
[EventCountry "RUS"]
[SourceTitle "EXT 2014"]
[Source "ChessBase"]
[SourceDate "2013.11.20"]
[SourceVersion "1"]
[SourceVersionDate "2013.11.20"]
[SourceQuality "1"]

1. e4 d6 2. d4 Nf6 3. Nc3 g6 4. f3 c6 5. Be3 Nbd7 6. Qd2 b5 7. Bh6 Bxh6 8. Qxh6 Qa5 9. Qd2 Bb7 10. Nge2 a6 11. Nc1 c5 12. Nb3 Qc7 13. Nd1 Rc8 14. c3 e6 15. Ne3 c4 16. Nc1 e5 17. Ne2 Rd8 18. d5 Nc5 19. Nc1 Nh5 20. b3 cxb3 21. axb3 0-0 22. b4 Nd7 23. Bd3 Nb6 24. Ne2 Rc8 25. Rc1 Nc4 26. Nxc4 bxc4 27. Bb1 Qb6 28. g4 Ng7 29. h4 f6 30. f4 Qd8 31. f5 g5 32. hxg5 fxg5 33. Ng3 Rc7 34. Qh2 Ne8 35. Rc2 Rcf7 36. Rf2 Nf6 37. Re2 Qd7 38. Bc2 1/2-1/2

[Event "Voronezh-ch"]
[Site "Voronezh"]
[Date "2012.10.19"]
[Round "1"]
[White "Pilchuk, Mikhail"]
[Black "Chuprikov, Dmitry"]
[Result "0-1"]
[WhiteElo "1939"]
[BlackElo "2357"]
[PlyCount "42"]
[EventDate "2012.10.19"]
[EventType "swiss"]
[EventRounds "9"]
[EventCountry "RUS"]
[SourceTitle "EXT 2013"]
[Source "ChessBase"]
[SourceDate "2012.11.22"]
[SourceVersion "1"]
[SourceVersionDate "2012.11.22"]
[SourceQuality "1"]

1. e4 Nf6 2. Nc3 d5 3. e5 Nfd7 4. d4 e6 5. f4 c5 6. Nce2 Nc6 7. Nf3 Be7 8. c3 0-0 9. Ng3 cxd4 10. Nxd4 Nxd4 11. cxd4 Qb6 12. Qd3 f6 13. Be2 fxe5 14. fxe5 Nb8 15. Bf3 Nc6 16. Ne2 Bd7 17. g3 Rac8 18. Rb1 Be8 19. Be3 Bg6 20. Qd1 Bxb1 21. Qxb1 Rxf3 0-1

[Event "Voronezh Autumn IRT"]
[Site "Voronezh"]
[Date "2012.10.07"]
[Round "7.8"]
[White "Poltavets, Ivan"]
[Black "Pilchuk, Mikhail"]
[Result "1-0"]
[WhiteElo "1904"]
[BlackElo "1939"]
[PlyCount "51"]
[EventDate "2012.10.02"]
[EventType "swiss"]
[EventRounds "9"]
[EventCountry "RUS"]
[SourceTitle "EXT 2022"]
[Source "ChessBase"]
[SourceDate "2021.10.06"]
[SourceVersion "1"]
[SourceVersionDate "2021.10.06"]
[SourceQuality "1"]

1. e4 e5 2. Nf3 Nc6 3. Bb5 a6 4. Ba4 Nf6 5. 0-0 Be7 6. d3 b5 7. Bb3 d6 8. a3 Bg4 9. Nbd2 Na5 10. Ba2 c5 11. h3 Bh5 12. g4 Bg6 13. Re1 Qc7 14. Nf1 c4 15. Ne3 Rc8 16. Bd2 0-0 17. g5 Nh5 18. Nd5 Qd7 19. Nxe7+ Qxe7 20. Bxa5 Nf4 21. Kh2 Bh5 22. Rg1 Ng6 23. dxc4 bxc4 24. Bb4 Qb7 25. Qe2 d5 26. Bxf8 1-0

[Event "Voronezh Autumn IRT"]
[Site "Voronezh"]
[Date "2012.10.06"]
[Round "6.10"]
[White "Pilchuk, Mikhail"]
[Black "Arepyev, Dmitry"]
[Result "1-0"]
[WhiteElo "1939"]
[BlackElo "1847"]
[PlyCount "45"]
[EventDate "2012.10.02"]
[EventType "swiss"]
[EventRounds "9"]
[EventCountry "RUS"]
[SourceTitle "EXT 2022"]
[Source "ChessBase"]
[SourceDate "2021.10.06"]
[SourceVersion "1"]
[SourceVersionDate "2021.10.06"]
[SourceQuality "1"]

1. e4 e6 2. d4 d5 3. Nc3 dxe4 4. Nxe4 Nf6 5. Nxf6+ gxf6 6. Nf3 Nd7 7. Bd3 c5 8. Qe2 cxd4 9. Nxd4 Ne5 10. Bb5+ Bd7 11. Be3 Qa5+ 12. Bd2 Qb6 13. Bxd7+ Nxd7 14. Bc3 Bd6 15. g3 h5 16. 0-0-0 a6 17. Nxe6 Be5 18. Ng7+ Kd8 19. Bxe5 fxe5 20. Qxe5 Qh6+ 21. Kb1 f6 22. Qa5+ b6 23. Qxb6+ 1-0

[Event "Voronezh Autumn IRT"]
[Site "Voronezh"]
[Date "2012.10.05"]
[Round "4.11"]
[White "Voischeva, Zinaida"]
[Black "Pilchuk, Mikhail"]
[Result "1-0"]
[WhiteElo "1820"]
[BlackElo "1939"]
[PlyCount "69"]
[EventDate "2012.10.02"]
[EventType "swiss"]
[EventRounds "9"]
[EventCountry "RUS"]
[SourceTitle "EXT 2022"]
[Source "ChessBase"]
[SourceDate "2021.10.06"]
[SourceVersion "1"]
[SourceVersionDate "2021.10.06"]
[SourceQuality "1"]

1. e4 e5 2. Nf3 Nc6 3. Bb5 a6 4. Ba4 Nf6 5. 0-0 Be7 6. Re1 b5 7. Bb3 0-0 8. d3 d6 9. c3 Bg4 10. h3 Bh5 11. Nbd2 d5 12. Qe2 Re8 13. exd5 Nxd5 14. Qe4 Nf4 15. Qxc6 Nxd3 16. Rf1 Rb8 17. Qd5 c6 18. Qxd8 Rbxd8 19. a4 Bc5 20. Ne4 Bg6 21. Nxc5 Nxc5 22. Bd1 Bd3 23. Re1 f6 24. Be3 Nb7 25. axb5 Bxb5 26. Be2 Nd6 27. Bxb5 axb5 28. Bc5 Nc4 29. Ba3 g5 30. Re2 Ra8 31. Nd2 Nb6 32. Ne4 Nd5 33. Rd2 Kg7 34. Nd6 Re6 35. Nxb5 1-0

[Event "Voronezh op 06"]
[Site "Voronezh"]
[Date "2012.06.29"]
[Round "4"]
[White "Pilchuk, Mikhail"]
[Black "Arepyev, Dmitry"]
[Result "1-0"]
[WhiteElo "1927"]
[BlackElo "1893"]
[PlyCount "23"]
[EventDate "2012.06.26"]
[EventType "swiss"]
[EventRounds "9"]
[EventCountry "RUS"]
[SourceTitle "EXT 2013"]
[Source "ChessBase"]
[SourceDate "2012.11.22"]
[SourceVersion "1"]
[SourceVersionDate "2012.11.22"]
[SourceQuality "1"]

1. e4 e6 2. d4 d5 3. Nc3 dxe4 4. Nxe4 Nf6 5. Nxf6+ gxf6 6. Nf3 Nd7 7. Be3 c5 8. Qd2 Qc7 9. 0-0-0 Nb6 10. Qa5 c4 11. d5 Nxd5 12. Rxd5 1-0

[Event "Voronezh op 06"]
[Site "Voronezh"]
[Date "2012.06.28"]
[Round "3"]
[White "Kuzmin, Vitaly"]
[Black "Pilchuk, Mikhail"]
[Result "0-1"]
[WhiteElo "1751"]
[BlackElo "1927"]
[PlyCount "88"]
[EventDate "2012.06.26"]
[EventType "swiss"]
[EventRounds "9"]
[EventCountry "RUS"]
[SourceTitle "EXT 2013"]
[Source "ChessBase"]
[SourceDate "2012.11.22"]
[SourceVersion "1"]
[SourceVersionDate "2012.11.22"]
[SourceQuality "1"]

1. d4 Nf6 2. Nf3 e6 3. Bf4 c5 4. c3 cxd4 5. cxd4 d5 6. e3 Nc6 7. Nbd2 Be7 8. a3 Ne4 9. Bd3 f5 10. 0-0 0-0 11. h3 Bf6 12. Rc1 a6 13. b4 Bd7 14. Nb3 b6 15. Qe2 Kh8 16. Bxa6 g5 17. Bh2 Qe8 18. Nfd2 Nb8 19. Nxe4 dxe4 20. Bxb8 Qxb8 21. Bb5 Qd6 22. Bxd7 Qxd7 23. a4 Rxa4 24. Qc4 Rd8 25. Na1 Be7 26. Nc2 Bd6 27. Qb3 b5 28. Ra1 Rda8 29. Rxa4 bxa4 30. Qc3 Rc8 31. Qb2 Qc7 32. Na3 Qb7 33. Rb1 f4 34. b5 f3 35. g3 Qb8 36. g4 h5 37. Rc1 hxg4 38. hxg4 Bh2+ 39. Kf1 Bd6 40. Nc4 a3 41. Nxa3 Rd8 42. Nc4 Bf8 43. Ne5 Qb7 44. Kg1 Qh7 0-1

[Event "Voronezh op 06"]
[Site "Voronezh"]
[Date "2012.06.27"]
[Round "2"]
[White "Pilchuk, Mikhail"]
[Black "Kozlov, Sergej A"]
[Result "0-1"]
[WhiteElo "1927"]
[BlackElo "1784"]
[PlyCount "44"]
[EventDate "2012.06.26"]
[EventType "swiss"]
[EventRounds "9"]
[EventCountry "RUS"]
[SourceTitle "EXT 2013"]
[Source "ChessBase"]
[SourceDate "2012.11.22"]
[SourceVersion "1"]
[SourceVersionDate "2012.11.22"]
[SourceQuality "1"]

1. e4 c5 2. Nf3 e6 3. d4 cxd4 4. Nxd4 a6 5. Nc3 b5 6. Be3 Bb7 7. f3 Nc6 8. Qd2 Nf6 9. 0-0-0 Be7 10. Nb3 0-0 11. g4 d5 12. Qf2 b4 13. exd5 bxc3 14. d6 Bxd6 15. h4 cxb2+ 16. Kb1 Nd5 17. Bd2 Bf4 18. Bd3 Bxd2 19. Rxd2 Qf6 20. g5 Nc3+ 21. Kxb2 Nd1+ 22. Kc1 Nxf2 0-1

[Event "Voronezh op 05"]
[Site "Voronezh"]
[Date "2012.05.14"]
[Round "3"]
[White "Pilchuk, Mikhail"]
[Black "Timchenko, Aleksandr"]
[Result "1-0"]
[WhiteElo "1927"]
[BlackElo "2072"]
[PlyCount "23"]
[EventDate "2012.05.12"]
[EventType "swiss"]
[EventRounds "9"]
[EventCountry "RUS"]
[SourceTitle "EXT 2013"]
[Source "ChessBase"]
[SourceDate "2012.11.22"]
[SourceVersion "1"]
[SourceVersionDate "2012.11.22"]
[SourceQuality "1"]

1. e4 e5 2. Nf3 Nc6 3. Bc4 Nf6 4. d4 d6 5. dxe5 dxe5 6. Qxd8+ Nxd8 7. Nxe5 Nxe4 8. 0-0 Bc5 9. Nd3 0-0 10. Bd5 Bf5 11. Bxe4 Bxe4 12. Nxc5 1-0

[Event "Voronezh op 05"]
[Site "Voronezh"]
[Date "2012.05.13"]
[Round "2"]
[White "Katkov, Vitaly"]
[Black "Pilchuk, Mikhail"]
[Result "1-0"]
[WhiteElo "2108"]
[BlackElo "1927"]
[PlyCount "87"]
[EventDate "2012.05.12"]
[EventType "swiss"]
[EventRounds "9"]
[EventCountry "RUS"]
[SourceTitle "EXT 2013"]
[Source "ChessBase"]
[SourceDate "2012.11.22"]
[SourceVersion "1"]
[SourceVersionDate "2012.11.22"]
[SourceQuality "1"]

1. Nf3 Nf6 2. g3 g6 3. Bg2 Bg7 4. 0-0 0-0 5. c4 d6 6. Nc3 Nbd7 7. d4 c5 8. b3 Rb8 9. Bb2 a6 10. a4 b6 11. Qc2 e5 12. dxe5 dxe5 13. Rad1 Qc7 14. Nd5 Nxd5 15. cxd5 b5 16. Ng5 Qb6 17. Rb1 h6 18. Ne4 bxa4 19. bxa4 Qb3 20. Qxb3 Rxb3 21. Bc3 c4 22. Rxb3 cxb3 23. Rb1 f5 24. Nd2 e4 25. Bxg7 Kxg7 26. Nxb3 Nb6 27. Nc5 Nxd5 28. e3 Rf6 29. Bf1 Rc6 30. Nb3 Nc3 31. Rc1 Bb7 32. Nd4 Rc8 33. a5 Kf6 34. Rc2 Na4 35. Ra2 Nc3 36. Rb2 Rc7 37. Rb6+ Kf7 38. Bxa6 Bxa6 39. Rxa6 Na4 40. Kg2 Nc5 41. Rc6 Rxc6 42. Nxc6 Ke6 43. h3 Kd6 44. Nd4 1-0

[Event "Voronezh Winter op"]
[Site "Voronezh"]
[Date "2012.01.15"]
[Round "6"]
[White "Pilchuk, Mikhail"]
[Black "Savenko, Ivan"]
[Result "1-0"]
[WhiteElo "2023"]
[BlackElo "1617"]
[PlyCount "58"]
[EventDate "2012.01.11"]
[EventType "swiss"]
[EventRounds "7"]
[EventCountry "RUS"]
[SourceTitle "EXT 2013"]
[Source "ChessBase"]
[SourceDate "2012.11.22"]
[SourceVersion "1"]
[SourceVersionDate "2012.11.22"]
[SourceQuality "1"]

1. e4 e5 2. Nf3 Nf6 3. Nxe5 d6 4. Nxf7 Kxf7 5. Bc4+ Be6 6. Bxe6+ Kxe6 7. 0-0 Kd7 8. d4 Kc8 9. Re1 Nbd7 10. e5 Ne8 11. Qe2 dxe5 12. dxe5 Bc5 13. e6 Nb6 14. e7 Qd7 15. Nc3 Kb8 16. Bg5 Bd6 17. Rad1 Nc8 18. Qf3 Nf6 19. Bxf6 gxf6 20. Nd5 Qc6 21. Qf5 Re8 22. Nxf6 a6 23. Nxe8 Nxe7 24. Qf7 Bc5 25. Rxe7 Bxe7 26. Qxe7 Ka7 27. Nxc7 Qxc2 28. Qe3+ Kb8 29. Rc1 Qxb2 1-0

[Event "Voronezh Winter op"]
[Site "Voronezh"]
[Date "2012.01.15"]
[Round "7"]
[White "Pilchuk, Mikhail"]
[Black "Sychev, Victor"]
[Result "0-1"]
[WhiteElo "2023"]
[BlackElo "1686"]
[PlyCount "50"]
[EventDate "2012.01.11"]
[EventType "swiss"]
[EventRounds "7"]
[EventCountry "RUS"]
[SourceTitle "EXT 2013"]
[Source "ChessBase"]
[SourceDate "2012.11.22"]
[SourceVersion "1"]
[SourceVersionDate "2012.11.22"]
[SourceQuality "1"]

1. e4 e5 2. Nf3 Nc6 3. Bc4 Bc5 4. d4 exd4 5. 0-0 d6 6. Ng5 Ne5 7. Be2 h6 8. Nf3 Nf6 9. Nxd4 0-0 10. Nc3 c6 11. f4 Ng6 12. Be3 Re8 13. Bf3 Nh4 14. f5 d5 15. Bf2 Nxf3+ 16. Nxf3 Bxf2+ 17. Rxf2 Nxe4 18. Nxe4 Rxe4 19. Nd2 Re5 20. f6 g6 21. g4 Bxg4 22. Qf1 Rf5 23. h3 Rxf2 24. Qxf2 Bf5 25. Nb3 Qxf6 0-1

[Event "Voronezh Winter op"]
[Site "Voronezh"]
[Date "2012.01.14"]
[Round "5"]
[White "Mikhailov, Artem"]
[Black "Pilchuk, Mikhail"]
[Result "0-1"]
[WhiteElo "1715"]
[BlackElo "2023"]
[PlyCount "52"]
[EventDate "2012.01.11"]
[EventType "swiss"]
[EventRounds "7"]
[EventCountry "RUS"]
[SourceTitle "EXT 2013"]
[Source "ChessBase"]
[SourceDate "2012.11.22"]
[SourceVersion "1"]
[SourceVersionDate "2012.11.22"]
[SourceQuality "1"]

1. e4 e5 2. Nf3 Nc6 3. d4 exd4 4. c3 dxc3 5. Nxc3 d6 6. Bc4 Be7 7. Qb3 Na5 8. Bxf7+ Kf8 9. Qd5 c6 10. Qh5 Nf6 11. Qh4 Kxf7 12. e5 Ng4 13. Qg3 Rf8 14. b4 Nxe5 15. Nxe5+ dxe5 16. bxa5 Kg8 17. 0-0 Qxa5 18. Bh6 Rf7 19. Ne4 Qa3 20. Be3 Bf5 21. Qxe5 Qb4 22. Ng5 Bxg5 23. Bxg5 Qe4 24. Qb2 Qg4 25. Be3 Qg6 26. Bf4 Bd3 0-1